| 000 | 00661nam a2200217 i 4500 | ||
|---|---|---|---|
| 001 | 123725 | ||
| 003 | ES-MaACL | ||
| 005 | 20250716063302.0 | ||
| 007 | t| | ||
| 008 | 070214s1979 sp |||| | spa d | ||
| 100 | 0 |
_aRamón Llull, _cBeato, _dca. 1232-1316? _995219 |
|
| 245 | 1 | 0 |
_aLlibre de les bèsties / _cRamón Llull ; a cura de Pere Bohigas. |
| 250 | _a3ª ed. | ||
| 260 |
_aBarcelona : _bEd. 62, _c1979. |
||
| 300 |
_a64 p. ; _c18 cm. |
||
| 490 | 1 |
_aAntología catalana ; _v1 |
|
| 700 | 1 |
_aBohigas, Pere ( _d1991-2003) _929820 |
|
| 830 | 0 |
_aAntología catalana ; _v1 _9187203 |
|
| 852 |
_aES-MaACL _jA-10243 |
||
| 999 |
_c123725 _d123725 |
||